Normal view
MARC view
- M. Shahbal Khan | M. Moaaz Ahmed | Khubaib Ali Pirzada
Entry Personal Name
001 - CONTROL NUMBER
- control field: 5595
003 - CONTROL NUMBER IDENTIFIER
- control field: NUST
005 - DATE AND TIME OF LATEST TRANSACTION
- control field: 20171024125715.0
008 - FIXED-LENGTH DATA ELEMENTS
- fixed length control field: 171024|| aca||aabn | a|a d
040 ## - CATALOGING SOURCE
- Original cataloging agency: NUST
- Transcribing agency: NUST
100 ## - HEADING--PERSONAL NAME
- Personal name: M. Shahbal Khan | M. Moaaz Ahmed | Khubaib Ali Pirzada
670 ## - SOURCE DATA FOUND
- Source citation: Work cat.: (NUST): M. Shahbal Khan | M. Moaaz Ahmed | Khubaib Ali Pirzada, AssemSure: Quality assurance on assembly lines using predictive analytics, 2017
